Návrh systému talent manažmentu v podmienkach TI AUTOMOTIVE SLOVAKIA s. r. o.

Saved in:
Bibliographic Details
Main Author: Jánošíková, Lenka (Author)
Other Authors: Koltnerová, Kristína (Thesis advisor)
Format: Manuscript Book
Language:Slovak
Published: 2016
Subjects:
Online Access:http://is.stuba.sk/zp/portal_zp.pl?podrobnosti=118235
Tags: Add Tag
No Tags, Be the first to tag this record!

MARC

LEADER 00000ntm a22000003a 4500
001 stuzp56077
003 SK-STU
005 20160719154911.3
007 ta
008 150427s2015----xo-----f-mn---000-0-slo-d
040 |a STU  |b slo 
041 0 |a slo 
100 1 |a Jánošíková, Lenka  |u 064000  |k Z4  |4 aut  |U MTF Materiálovotechnologická fakulta  |T MTF Ústav priemyselného inžinierstva a manažmentu  |X 45698  |U M4000  |Y 84  |7 A000045698 
242 0 1 |a Proposal of talent management system in terms of TI AUTOMOTIVE SLOVAKIA, s. r. o.  |y eng 
245 1 0 |a Návrh systému talent manažmentu v podmienkach TI AUTOMOTIVE SLOVAKIA s. r. o. 
260 |c 2016 
650 4 |a talent  |2 slo 
650 4 |a talent manažment  |2 slo 
650 4 |a personálne činnosti  |2 slo 
650 4 |a talent managment  |2 eng 
650 4 |a human resources activities  |2 eng 
650 4 |a talent  |2 eng 
700 1 |a Koltnerová, Kristína  |u 064000  |k Z1  |4 ths  |U MTF Materiálovotechnologická fakulta  |T MTF Ústav priemyselného inžinierstva a manažmentu  |X 32947  |U M4000  |Y 84  |7 A000032947 
856 4 |u http://is.stuba.sk/zp/portal_zp.pl?podrobnosti=118235 
996 |c M* DP-12683  |l MMSKP  |s P  |a 0  |w stuzp56077_0001 
SQL |a stuzp56077  |b DDP  |c SLO  |d Návrh systému talent manažmentu v podmienkach TI AUTOMOTIVE SLOVAKIA s. r. o.  |e 45698  |f Jánošíková, Lenka  |g 064000  |h 32947  |i Koltnerová, Kristína  |j 20160531  |k 189  |l 06  |m http://is.stuba.sk/zp/portal_zp.pl?podrobnosti=118235  |n I-PMA  |o 5.2.52. priemyselné inžinierstvo